| 000 | 00382nam a2200133Ia 4500 | ||
|---|---|---|---|
| 005 | 20210429153917.0 | ||
| 008 | 210429s9999 xx 000 0 und d | ||
| 082 | _aCHM-MS WA/KS | ||
| 100 |
_aAbdul Waheed _920903 |
||
| 245 | 2 | _aA Study Of Vertical Two Phase Air /Water System Using Eulerian Model of Fluent | |
| 260 |
_aISLAMABAD _bSCME _c2009 |
||
| 300 | _a34P | ||
| 942 |
_2ddc _cREF |
||
| 999 |
_c561146 _d561146 |
||